عرض عادي عرض مارك
  • Aesthetics

دخول Topical Term

عدد التسجيلات المستخدمة: 1

001 - CONTROL NUMBER

  • control field: 16817

003 - CONTROL NUMBER IDENTIFIER

  • control field: AE-AdECS

005 - DATE AND TIME OF LATEST TRANSACTION

  • control field: 20250610125508.0

008 - FIXED-LENGTH DATA ELEMENTS

  • fixed length control field: 250610|| aca||aabn | a|a d

040 ## - CATALOGING SOURCE

  • Original cataloging agency: AE-AdECS
  • Transcribing agency: AE-AdECS

150 ## - HEADING--TOPICAL TERM

  • Topical term or geographic name entry element: Aesthetics
  • General subdivision: History

670 ## - SOURCE DATA FOUND

  • Source citation: Work cat.: (AE-AdECS)220239: Bosanquet, Bernard, 1596734 1848-1923, A history of aesthetic /

أبوظبي، الإمارات العربية المتحدة

reference@ecssr.ae

97124044780 +

حقوق النشر © 2026 مركز الإمارات للدراسات والبحوث الاستراتيجية جميع الحقوق محفوظة